[Event "ESP-ch U12 rapid"]
[Site "Salobrena"]
[Date "2023.07.16"]
[Round "6"]
[White "Rodriguez Mayen, Teo"]
[Black "Hernandez Tomas, Efren"]
[Result "0-1"]
[WhiteElo "1264"]
[BlackElo "1428"]
[PlyCount "134"]
[EventDate "2023.07.15"]
[EventType "swiss (rapid)"]
[EventRounds "9"]
[EventCountry "ESP"]
[SourceTitle "EXT 2024"]
[Source "ChessBase"]
[SourceDate "2023.10.10"]
[SourceVersion "1"]
[SourceVersionDate "2023.10.10"]
[SourceQuality "1"]

1. e4 d6 2. d4 Nf6 3. Nc3 g6 4. Nf3 Bg7 5. Bc4 0-0 6. Bg5 c5 7. 0-0 cxd4 8. Qxd4 Nc6 9. Qe3 Qc7 10. Bb3 a6 11. Bh6 Ng4 12. Bxg7 Nxe3 13. Bxf8 Nxf1 14. Bh6 Nxh2 15. Nxh2 Be6 16. Nf3 Bxb3 17. axb3 f6 18. Nd5 Qd8 19. Be3 Kf7 20. Bb6 Qd7 21. Rd1 Rc8 22. Be3 Qg4 23. Nc3 Ne5 24. Nxe5+ fxe5 25. f3 Qg3 26. Bf2 Qg5 27. Re1 h5 28. Be3 Qf6 29. Nd5 Qg7 30. c3 e6 31. Nb6 Rh8 32. Rd1 Rd8 33. Bg5 Qf8 34. Bxd8 Qxd8 35. Nc4 d5 36. exd5 exd5 37. Nxe5+ Kf6 38. Nd3 Qb6+ 39. Kh1 Qxb3 40. Rd2 b5 41. Nc5 Qc4 42. Nxa6 Qf1+ 43. Kh2 Qc4 44. Kh1 Kg5 45. Nb4 Qf1+ 46. Kh2 d4 47. Rxd4 h4 48. Rd5+ Kh6 49. Rd4 Qf2 50. Nd3 Qg3+ 51. Kh1 h3 52. Rg4 hxg2+ 53. Kg1 Qxf3 54. Rxg2 Qxd3 55. Rh2+ Kg5 56. Rg2+ Kf4 57. Kf2 Qc2+ 58. Kg1 Qd1+ 59. Kh2 Qh5+ 60. Kg1 Ke3 61. Rg3+ Kf4 62. Rg2 g5 63. Rf2+ Ke3 64. Rh2 Qd1+ 65. Kg2 Qf3+ 66. Kg1 g4 67. Rf2 Qxf2+ 0-1